| 000 | 00450nam a22001697a 4500 | ||
|---|---|---|---|
| 003 | NUST - PNEC | ||
| 005 | 20170116181032.0 | ||
| 008 | 150919b xxu||||| |||| 00| 0 eng d | ||
| 020 | _a0672273330 | ||
| 040 | _cLIBRARY | ||
| 082 | _a001.6424 HES | ||
| 100 |
_911149 _aHeslop, Brent D |
||
| 245 |
_aThe first book of Microsoft Word 5.5 _cBrent D Heslop |
||
| 250 | _a2nd ed. | ||
| 650 |
_911152 _aWord processing _xMIS, Computer |
||
| 942 |
_2ddc _cBK |
||
| 999 |
_c67778 _d67778 |
||